Coâtox - Statistiques

Statistiques générales
  • Ce quiz a été pris 2 fois
  • Le résultat moyen est 10 sur 24
Statistiques - réponses
Hint Réponse % Correct
Types Poison combat
100%
Génération de sortie 4g
50%
Pourcentage en NU 9g 6
50%
Défense 65
50%
Défense spéciale 65
50%
Vitesse 85
50%
Talents Anticipation
50%
Dernière capacité apprise par niveau Eructation
50%
Capacité à la plus haute puissance apprise par niveau Eructation
50%
Tier en 8g NU
50%
Tier en 9g NU
50%
Tier en 5g OU
50%
Peau sèche
50%
Tier en 7g RU
50%
Nom anglais Toxicroak
50%
Talent caché Toxitouche
50%
Tier en 4g UU
50%
Tier en 6g UU
50%
Attaque 106
0%
Poids 1m30
0%
Taille 44 kg
0%
Pv 83
0%
Attaque spéciale 86
0%
Catégorie Toxique
0%
Aucun quiz correspondant
Distribution des résultats
% des personnes avec chaque résultat
Percentile par nombre de réponses
Votre historique - résultats
Vous n’avez pas pris ce quiz